书目信息 |
| 题名: |
人文艺术
|
|
| 作者: | 周宪 著 | |
| 分册: | ||
| 出版信息: | 杭州 中国美术学院出版社 2002 |
|
| 页数: | 356页 | |
| 开本: | 20cm | |
| 丛书名: | 湖畔讲坛系列丛书 | |
| 单 册: | ||
| 中图分类: | J0-53 , I0-53 | |
| 科图分类: | ||
| 主题词: | 艺术理论--文集 , 文学理论 | |
| 电子资源: | ||
| ISBN: | 7-81083-150-X | |
| 000 | 00836oam2 2200265 450 | |
| 001 | 0709000042 | |
| 005 | 20070531080425.17 | |
| 010 | @a7-81083-150-X@dCNY28.00 | |
| 100 | @a20021120e20062002em y0chiy0110 ea | |
| 101 | 0 | @achi |
| 102 | @aCN@b330000 | |
| 105 | @aa z 000yd | |
| 200 | 1 | @a人文艺术@Aren wen yi shu@f周宪等著 |
| 210 | @a杭州@c中国美术学院出版社@d2002@h2006 | |
| 215 | @a356页@c图@d20cm | |
| 225 | 2 | @a湖畔讲坛系列丛书@v2 |
| 330 | @a本书汇集了“视觉艺术与智性模式”、“反省当代艺术”、“视觉文化传播时代的来临”、“传播艺术在中国”、“从现代到后现代”等文章。 | |
| 461 | 0 | @12001 @a湖畔讲坛系列丛书@v2 |
| 606 | 0 | @a艺术理论@j文集 |
| 606 | 0 | @a文学理论 |
| 690 | @aJ0-53@v4 | |
| 690 | @aI0-53@v3 | |
| 701 | 0 | @a周宪@Azhou xian@4著 |
| 801 | 0 | @aCN@bTAOJIN新华发行集团公司@c20070531 |
| 905 | @a10447@dI0-53@e342 | |
| 人文艺术/周宪等著.-杭州:中国美术学院出版社,2002(2006) |
| 356页:图;20cm.-(湖畔讲坛系列丛书;2) |
| ISBN 7-81083-150-X:CNY28.00 |
| 本书汇集了“视觉艺术与智性模式”、“反省当代艺术”、“视觉文化传播时代的来临”、“传播艺术在中国”、“从现代到后现代”等文章。 |
| ● |
| 相关链接 |
|
|
|
|
正题名:人文艺术
索取号:I0-53/342
 
预约/预借
| 序号 | 登录号 | 条形码 | 馆藏地/架位号 | 状态 | 备注 |
| 1 | 0523612 | 205236127 | 第一样本阅览室/ [索取号:I0-53/342] | 在馆 | |
| 2 | 0523613 | 205236136 | 第二借阅区/ [索取号:I0-53/342] | 在馆 | |
| 3 | 0523614 | 205236145 | 第二借阅区/ [索取号:I0-53/342] | 在馆 | |
| 4 | 0523615 | 205236154 | 第二借阅区/ [索取号:I0-53/342] | 在馆 |